| 000 | 00765cam a2200265 i 4500 | ||
|---|---|---|---|
| 001 | 0000794 | ||
| 003 | DO-SdBNP | ||
| 005 | 20180125140448.0 | ||
| 007 | 0000794 | ||
| 008 | 100514s 1998 ck a | |||| 000 f spa | ||
| 015 | _a | ||
| 017 |
_a _b |
||
| 020 | _a9583005266 | ||
| 035 | _a | ||
| 040 |
_aBPMSU _bspa _cBPMSU _e |
||
| 080 | _a | ||
| 100 | 1 | _aRodríguez, Antonio Orlando | |
| 245 | 1 | 0 |
_aPaul Rivet : _bestudioso del hombre americano / _cAntonio Orlando Rodríguez ; ilustraciones Liliana Ramos. _h |
| 260 |
_aSantafé de Bogotá, Colombia : _bColciencias, _bPanamericana, _c1991. |
||
| 300 |
_a63 p. : _bil. ; _c28 cm |
||
| 700 | 1 | 2 |
_aRamos, Liliana, _eil. |
| 942 |
_2ddc _cBK |
||
| 945 | _aInventariado, 2018 / LP | ||
| 956 |
_aYLOCKWARD _b10 _cBPMSU |
||
| 999 |
_c11861 _d11861 |
||